[Event "Milan Crespi op-B 28th"]
[Site "Milan"]
[Date "2007.12.09"]
[Round "6"]
[White "Pohossov, Eduard"]
[Black "Raineri, Roberto"]
[Result "1-0"]
[WhiteElo "1464"]
[BlackElo "1614"]
[PlyCount "81"]
[EventDate "2007.12.06"]
[EventType "swiss"]
[EventRounds "6"]
[EventCountry "ITA"]
[SourceTitle "EXT 2009"]
[Source "ChessBase"]
[SourceDate "2008.11.26"]
[SourceVersion "1"]
[SourceVersionDate "2008.11.26"]
[SourceQuality "1"]

1. e4 c5 2. Nf3 Nc6 3. Be2 g6 4. 0-0 Bg7 5. Nc3 Nf6 6. d3 0-0 7. Ne1 Nd4 8. f4 Nxe2+ 9. Qxe2 d6 10. h3 b5 11. Nxb5 Qb6 12. c4 Nd7 13. Nc3 e6 14. Nf3 Bb7 15. Rb1 Bxc3 16. bxc3 Qxb1 17. Nh4 Qb6 18. f5 Qd8 19. f6 Kh8 20. Bg5 h5 21. g4 hxg4 22. hxg4 Kh7 23. Qh2 Rh8 24. Nf5+ Kg8 25. Nh6+ Kf8 26. Qxd6+ Ke8 27. d4 cxd4 28. cxd4 Nb6 29. Qa3 Rc8 30. c5 Qxd4+ 31. Be3 Qxe4 32. c6 Rc7 33. cxb7 Rxb7 34. g5 Nd5 35. Bxa7 Nf4 36. Qf3 Qxf3 37. Rxf3 Rxa7 38. Rxf4 Rxa2 39. Rc4 Kd7 40. Nxf7 Rc8 41. Ne5+ 1-0

[Event "Milan Crespi op-B 28th"]
[Site "Milan"]
[Date "2007.12.06"]
[Round "1"]
[White "Pohossov, Eduard"]
[Black "Carbone, Lorenzo"]
[Result "1-0"]
[WhiteElo "1464"]
[BlackElo "1755"]
[PlyCount "61"]
[EventDate "2007.12.06"]
[EventType "swiss"]
[EventRounds "6"]
[EventCountry "ITA"]
[SourceTitle "EXT 2009"]
[Source "ChessBase"]
[SourceDate "2008.11.26"]
[SourceVersion "1"]
[SourceVersionDate "2008.11.26"]
[SourceQuality "1"]

1. e4 c5 2. Nf3 d6 3. Be2 Nf6 4. Nc3 a6 5. 0-0 e6 6. d3 Be7 7. Be3 0-0 8. Ne1 b5 9. f4 Bb7 10. Bf3 Nc6 11. e5 dxe5 12. fxe5 Nd5 13. Nxd5 exd5 14. Bf4 d4 15. Be4 g6 16. Qf3 Qd7 17. Kh1 Nd8 18. Bh6 Bxe4 19. Qxe4 Ra7 20. Bxf8 Bxf8 21. h3 Bg7 22. Nf3 Ne6 23. Rad1 a5 24. Qh4 Ra8 25. Ng5 Nxg5 26. Qxg5 Qe6 27. Rde1 Re8 28. b3 Bxe5 29. Re4 f5 30. Re2 Qd5 31. Rxf5 1-0